000 00430nam a22001697a 4500
003 MPLRDC
005 20220104172233.0
008 210129b ||||| |||| 00| 0 eng d
082 _a360.3 GRE
100 _aN. P. O. GREEN, ETC.
245 _aBIOLOGICAL SCIENCE 1, ORGANISMS, ENERGY AND ENVIRONMENT
_c
250 _a初版
260 _a
_bCAMBRIDGE UNIVERSITY
_c1990
300 _b
650 _a
942 _cBK
_o360.3 GRE
999 _c58843
_d58833